<?xml version="1.0" encoding="UTF-8"?>
<marc:record xmlns:marc="http://www.loc.gov/MARC21/slim">
   <marc:leader>00000nam a2200000 a 4500</marc:leader>
   <marc:datafield ind1="1" ind2=" " tag="100">
      <marc:subfield code="a">Land Oberösterreich</marc:subfield>
      <marc:subfield code="4">aut</marc:subfield>
      <marc:subfield code="e">Verfasser/-in</marc:subfield>
   </marc:datafield>
   <marc:datafield ind1="1" ind2=" " tag="100">
      <marc:subfield code="a">Streitler-Kastberger, Nicole</marc:subfield>
      <marc:subfield code="4">aut</marc:subfield>
      <marc:subfield code="e">Verfasser/-in</marc:subfield>
   </marc:datafield>
   <marc:datafield ind1=" " ind2=" " tag="653">
      <marc:subfield code="a">Anthologie</marc:subfield>
   </marc:datafield>
   <marc:datafield ind1=" " ind2=" " tag="653">
      <marc:subfield code="a">DRA</marc:subfield>
   </marc:datafield>
   <marc:datafield ind1=" " ind2=" " tag="653">
      <marc:subfield code="a">Literatur</marc:subfield>
   </marc:datafield>
   <marc:datafield ind1=" " ind2=" " tag="653">
      <marc:subfield code="a">österr.</marc:subfield>
   </marc:datafield>
   <marc:datafield ind1="0" ind2="0" tag="245">
      <marc:subfield code="a">Die Rampe 3/2020</marc:subfield>
   </marc:datafield>
   <marc:datafield ind1="0" ind2="0" tag="245">
      <marc:subfield code="b">Porträt Eugenie Kain</marc:subfield>
   </marc:datafield>
   <marc:datafield ind1="0" ind2="0" tag="245">
      <marc:subfield code="c">Land Oberösterreich</marc:subfield>
   </marc:datafield>
   <marc:datafield ind1="1" ind2=" " tag="520">
      <marc:subfield code="a">Inhalt:&#xD;
Eugenie Kain: Selpstporträt, Endstation Naßzone, Vom Schwimmen in der Donau, Im Toten Winkel der Zeit&#xD;
&#xD;
Edit Kiraly&#xD;
Daniela Bartens&#xD;
Petra-Maria Dallinger&#xD;
Lisa Erlenbuchsch&#xD;
Ulrich Fuchs&#xD;
Erich Hackl&#xD;
Cornelius Hell&#xD;
Mrtin Huber&#xD;
Katharina Kain&#xD;
Margit Kain&#xD;
Erich Klinger&#xD;
Claudia Lehner&#xD;
Stefan Maurer&#xD;
Regina Pintar&#xD;
Elisabeth Reichart&#xD;
Helga Schager&#xD;
Edith Stauber&#xD;
Nicole Streitler-Sastberger&#xD;
Martin Vejvar</marc:subfield>
   </marc:datafield>
   <marc:datafield ind1=" " ind2=" " tag="020">
      <marc:subfield code="a">9783902740304</marc:subfield>
      <marc:subfield code="9">9783902740304</marc:subfield>
   </marc:datafield>
   <marc:datafield ind1=" " ind2=" " tag="020">
      <marc:subfield code="a">3902740302</marc:subfield>
      <marc:subfield code="9">3902740302</marc:subfield>
   </marc:datafield>
</marc:record>
